000 00427nam a2200157 i 4500
001 146693
003 ES-MaACL
005 20230906201633.0
007 t|
008 070914q1917 fr ||||1| fre d
100 1 _aTréguiz, Louis.
_9111281
245 1 3 _aL'Irlande dans la crise universelle /
_cpar Louis TregĂșiz.
260 _aParis :
_b[Chartres,
_c1917]
300 _aVI, 279 p. ;
_c23 cm.
852 _aES-MaACL
_jF-9211
999 _c146693
_d146693